<?xml version="1.0" encoding="UTF-8"?>
<record
    xmlns:xsi="http://www.w3.org/2001/XMLSchema-instance"
    xsi:schemaLocation="http://www.loc.gov/MARC21/slim http://www.loc.gov/standards/marcxml/schema/MARC21slim.xsd"
    xmlns="http://www.loc.gov/MARC21/slim">

  <leader>03213cam a2200385 i 4500</leader>
  <controlfield tag="001">991107108407306196</controlfield>
  <controlfield tag="005">20260515110534.0</controlfield>
  <controlfield tag="008">210416s2021    nyuaf  g b    001 0 eng  </controlfield>
  <datafield tag="010" ind1=" " ind2=" ">
    <subfield code="a">  2021012810</subfield>
  </datafield>
  <datafield tag="020" ind1=" " ind2=" ">
    <subfield code="a">9781984825438</subfield>
    <subfield code="q">paperback</subfield>
  </datafield>
  <datafield tag="020" ind1=" " ind2=" ">
    <subfield code="a">1984825437</subfield>
    <subfield code="q">paperback</subfield>
  </datafield>
  <datafield tag="020" ind1=" " ind2=" ">
    <subfield code="z">9781984825445</subfield>
    <subfield code="q">electronic book</subfield>
  </datafield>
  <datafield tag="024" ind1="8" ind2=" ">
    <subfield code="a">99989258472</subfield>
  </datafield>
  <datafield tag="035" ind1=" " ind2=" ">
    <subfield code="a">(OCoLC)1249712079</subfield>
  </datafield>
  <datafield tag="035" ind1=" " ind2=" ">
    <subfield code="a">(OCoLC)on1249712079</subfield>
  </datafield>
  <datafield tag="040" ind1=" " ind2=" ">
    <subfield code="a">LBSOR/DLC</subfield>
    <subfield code="b">eng</subfield>
    <subfield code="e">rda</subfield>
    <subfield code="c">DLC</subfield>
    <subfield code="d">OCLCO</subfield>
    <subfield code="d">OCLCF</subfield>
    <subfield code="d">GZD</subfield>
    <subfield code="d">GL4</subfield>
    <subfield code="d">YDX</subfield>
  </datafield>
  <datafield tag="041" ind1=" " ind2=" ">
    <subfield code="a">English</subfield>
  </datafield>
  <datafield tag="042" ind1=" " ind2=" ">
    <subfield code="a">pcc</subfield>
  </datafield>
  <datafield tag="050" ind1="0" ind2="0">
    <subfield code="a">GV1469.3</subfield>
    <subfield code="b">.K453 2021</subfield>
  </datafield>
  <datafield tag="082" ind1="0" ind2="0">
    <subfield code="a">794.809</subfield>
    <subfield code="2">23</subfield>
  </datafield>
  <datafield tag="100" ind1=" " ind2=" ">
    <subfield code="a">Kent, Steve L.,</subfield>
    <subfield code="e">author.</subfield>
    <subfield code="9">27084</subfield>
  </datafield>
  <datafield tag="245" ind1="1" ind2="4">
    <subfield code="a">The ultimate history of video games.</subfield>
    <subfield code="n">Volume 2.</subfield>
    <subfield code="p">Nintendo, Sony, Microsoft, and the billion-dollar battle to shape modern gaming  </subfield>
    <subfield code="c">/ Steven L. Kent.</subfield>
  </datafield>
  <datafield tag="246" ind1="3" ind2=" ">
    <subfield code="a">Ultimate history of video games.</subfield>
    <subfield code="n">Volume two.</subfield>
  </datafield>
  <datafield tag="246" ind1="3" ind2=" ">
    <subfield code="a">Ultimate history of video games.</subfield>
    <subfield code="n">Volume II.</subfield>
  </datafield>
  <datafield tag="246" ind1="3" ind2="0">
    <subfield code="a">History of video games.</subfield>
  </datafield>
  <datafield tag="250" ind1=" " ind2=" ">
    <subfield code="a">First edition.</subfield>
  </datafield>
  <datafield tag="264" ind1=" " ind2="1">
    <subfield code="a">New York :</subfield>
    <subfield code="b">Crown,</subfield>
    <subfield code="c">[2021]</subfield>
  </datafield>
  <datafield tag="300" ind1=" " ind2=" ">
    <subfield code="a">xxiv, 562 pages, 16 pages of plates :</subfield>
    <subfield code="b">illustrations ;</subfield>
    <subfield code="c">24 cm</subfield>
  </datafield>
  <datafield tag="504" ind1=" " ind2=" ">
    <subfield code="a">Includes bibliographical references and index.</subfield>
  </datafield>
  <datafield tag="505" ind1="0" ind2=" ">
    <subfield code="a">Foreword / by Mark Cerny &#x2014; Introduction: "Why on earth?" &#x2014; Sony, the one and only &#x2014; The last days of Sega: a cautionary tale &#x2014; Nintendo in third &#x2014; "But what about Sony?" &#x2014; "Impossible to beat Sony in this race" &#x2014; A rising tide &#x2014; The launch from hell &#x2014; "Mostly dead": the afterlife of the arcade business &#x2014; "Slightly less horrific than I imagined" &#x2014; Rise to the heavens &#x2014; Microsoft's revolution &#x2014; One bluffs. One checks. One calls. &#x2014; Keeping secrets &#x2014; "So you say you want a revolution" &#x2014; Wii wins &#x2014; The games that defined generation seven &#x2014; Electronic Arts Activision: the biggest publisher in games &#x2014; Movies and games : trapped in a bad romance.</subfield>
  </datafield>
  <datafield tag="520" ind1=" " ind2=" ">
    <subfield code="a">"As video games evolve, only the fittest companies survive... In volume 1 of The Ultimate History of Video Games, [Steven L. Kent] chronicled the industry's first thirty years. In volume 2, he narrates gaming's entrance into the twenty-first century, as Nintendo, Sega, Sony, and Microsoft battle to capture the global market. The home console boom of the '90s turned hobby companies like Nintendo and Sega into Hollywood-studio-sized business titans. But by the end of the decade, they would face new, more powerful competitors. In boardrooms on both sides of the Pacific, engineers and executives began, with enormous budgets and total secrecy, to plan the next evolution of home consoles. The PlayStation 2, Nintendo GameCube, and Sega Dreamcast all made radically different bets on what gamers would want. And then, to the shock of the world, Bill Gates announced the development of the one console to beat them all-even if Microsoft had to burn a few billion dollars to do it... [This volume] explores the origins of modern consoles and of the franchises-from Grand Theft Auto and Halo to Call of Duty and Guitar Hero-that would define gaming in the new millennium"--</subfield>
    <subfield code="c">Provided by publisher.</subfield>
  </datafield>
  <datafield tag="650" ind1=" " ind2="0">
    <subfield code="a">Video Games &#x2014;History</subfield>
    <subfield code="x">.</subfield>
  </datafield>
  <datafield tag="650" ind1=" " ind2="0">
    <subfield code="a">Video games industry</subfield>
    <subfield code="x">History.</subfield>
  </datafield>
  <datafield tag="942" ind1=" " ind2=" ">
    <subfield code="2">lcc</subfield>
  </datafield>
  <datafield tag="952" ind1=" " ind2=" ">
    <subfield code="0">0</subfield>
    <subfield code="1">0</subfield>
    <subfield code="2">lcc</subfield>
    <subfield code="4">0</subfield>
    <subfield code="7">0</subfield>
    <subfield code="a">TBS</subfield>
    <subfield code="b">TBS</subfield>
    <subfield code="d">2026-05-15</subfield>
    <subfield code="l">0</subfield>
    <subfield code="o">GV1469.3 KEN (II)</subfield>
    <subfield code="r">2026-05-15</subfield>
    <subfield code="t">1</subfield>
    <subfield code="w">2026-05-15</subfield>
    <subfield code="y">1</subfield>
    <subfield code="z">SOON AVAILABLE</subfield>
  </datafield>
  <datafield tag="999" ind1=" " ind2=" ">
    <subfield code="c">5468</subfield>
    <subfield code="d">5468</subfield>
  </datafield>
</record>
